000 00346nam a2200133Ia 4500
008 240624s9999 xx 000 0 und d
041 _aeng
082 _a828 KUN
100 _aKUNDALIA NIDHI DUGAR
245 _aLOST GENERATION CHRONICLING INDIA S DYIN
260 _c2014
_aNew Delhi
_bRandom House India
300 _a256 : p.
365 _cRS
_b30
999 _c27885
_d27885